| 000 | 00473nam a2200157 i 4500 | ||
|---|---|---|---|
| 001 | bg | ||
| 100 | 1 |
_aStankiewicz, Jan _c(matematyk ; _d1939- ). |
|
| 245 | 0 |
_aMatematyka dla wyższych szkół technicznych / _cJ. Stankiewicz, Z. Stankiewicz, S. Habrat. |
|
| 260 |
_aRzeszów, _c1988. |
||
| 700 | 1 |
_aStankiewicz, Zofia _d(1939- ). |
|
| 700 | 1 |
_aHabrat, Stanisław _c(matematyk). |
|
| 040 | _cBPK | ||
| 041 | _apol | ||
| 942 | _cKS | ||
| 008 | s pl f |000 0 pol | ||
| 999 |
_c3886 _d3886 |
||
| 856 |
_uhttp://koha.tu.koszalin.pl/cgi-bin/koha/opac-detail.pl?biblionumber=3886 _yKatalog online BPK |
||